Statistics for Kpop Artist by Song #3

Click here to take the quiz!

General Stats

  • This quiz has been taken 568 times
  • The average score is 26 of 50

Answer Stats

SongArtist% Correct
BoombayahBlack Pink
94%
Not TodayBTS
89%
LottoEXO
88%
Cherry BombNCT 127
88%
Sorry, SorrySuper Junior
87%
I Got a BoySNSD
86%
SignalTwice
86%
Touch My BodySistar
84%
Really ReallyWinner
81%
Very Very VeryIOI
80%
RookieRed Velvet
80%
Very NiceSeventeen
80%
Never EverGot7
79%
Come Back Home2NE1
73%
Crazy4Minute
72%
HobgoblinCLC
72%
PaletteIU
70%
MiroticTVXQ
68%
Chained UpVIXX
68%
Bling BlingiKon
65%
NavilleraGFriend
64%
Rum Pum Pum PumF(x)
56%
My House2PM
53%
DecalcomanieMamamoo
53%
Hey Mama!CBX
52%
Let's Not Fall In LoveBig Bang
51%
GorillaPentagon
51%
TrespassMonsta X
50%
Why So LonelyWonder Girls
50%
Excuse MeAOA
46%
1 of 1Shinee
41%
Plz Don't Be SadHighlight
37%
11:11Taeyeon
37%
LUVAPink
36%
MovieBtoB
36%
That XXG-Dragon
34%
The EyeInfinite
34%
YesterdayBlock B
32%
I Don't Need a ManMiss A
28%
Candy Jelly LoveLovelyz
23%
Night Rather Than DayEXID
21%
TiamoT-Ara
21%
That's My JamBAP
19%
Apple PieFiestar
16%
Jjan! Koong! Kwang!Momoland
16%
SecretWJSN
15%
Will You Go Out With Me?DIA
14%
Kiss KissLadies' Code
8%
Platonic LoveSnuper
7%
Kiss On the LipsMelody Day
5%

Score Distribution

Percentile by Number Answered

Percent of People with Each Score

Your Score History

You have not taken this quiz